000
00238nam a2200097Ia 4500
008
120527s9999 xx 000 0 und d
100
_a
GOULD, F.
245
_a
Anatomy and physiology for Holistic Therapist
260
_b
nelxon
942
_c
BK
999
_c
25744
_d
25744